| 000 | 00978cab a22002174i 4500 | ||
|---|---|---|---|
| 001 | 768714001 | ||
| 003 | CO-MdFUSB | ||
| 005 | 20230403150141.0 | ||
| 008 | 180612s1989 gt ||||| |||| 00| 0 spa d | ||
| 022 | _a1014-9341 | ||
| 040 |
_aCO-MdFUSB _bspa _cCO-MdFUSB _dCO-MdFUSB |
||
| 041 | _aspa | ||
| 100 | 1 |
_aSywulka, Pablo _eautor |
|
| 245 | 1 | 0 |
_aLa centralidad de las escrituras en la educación teológica _c/ Lic. Pablo Sywulka |
| 300 |
_aNúmero 4 (1989), páginas 8-21 _c: 22 cm. |
||
| 520 | _aLa presente reflexión enfoca el lugar que las Sagradas Escrituras deben tener en la educación teológica, como Palabra de Dios. Incluye argumentos de la centralidad de las Escrituras, y sugiere algunas maneras prácticas de darle a la Biblia la prominencia que le corresponde. | ||
| 650 | 0 |
_aTeología práctica _9180 |
|
| 650 | 0 |
_aTeología bíblica _96793 _xEducación teológica. |
|
| 773 | 0 |
_tKairós _049489 _976486 _gNúmero 4 (1989), páginas 8-21 _qPágina 8 |
|
| 942 | _cANA | ||
| 999 |
_c51148 _d51148 |
||